| 000 | 00000nam 2200000za 4500 |
| 001 | 9.802355 |
| 003 | CaOODSP |
| 005 | 20221107134957 |
| 007 | cr ||||||||||| |
| 008 | 150724s2010 xxca |o f000 0 fre d |
| 040 | |aCaOODSP|bfre |
| 043 | |an-cn--- |
| 086 | 1 |aR5-53/2010F-PDF |
| 245 | 00|aProtocole pour les systèmes décentralisés d'eau potable et de traitement des eaux usées dans les collectivités des Premières nations (Protocole pour les systèmes décentralisés) |h[ressource électronique]. |
| 260 | |aGatineau, Qué. : |bAffaires indiennes et du Nord Canada, |c215 avril 2010. |
| 300 | |aiii, 65 p. : |bcol. ill. |
| 500 | |aÉgalement disponible en anglais sous le titre : Protocol for decentralized water and wastewater systems in First Nations communities. |
| 504 | |aComprend des réf. bibliogr. |
| 692 | 07|2gccst|aRéserve autochtone |
| 692 | 07|2gccst|aGestion de l'eau |
| 710 | 1 |aCanada. |bAffaires indiennes et du Nord Canada. |
| 775 | 08|tProtocol for decentralised water and wastewater systems in First Nations communities (Decentralised Systems Protocol) |w(CaOODSP)9.802354 |
| 856 | 40|qPDF|s874 Ko|uhttps://publications.gc.ca/collections/collection_2015/aadnc-aandc/R5-53-2010-fra.pdf |
| 986 | |aNo de dossier SGGID: 3025588 |